[Event "17. Europa ch Juvenil - Masculino s12"]
[Site "Sibenik CRO"]
[Date "2007.09.15"]
[Round "2.2"]
[White "Ostovic, Matija"]
[Black "Chernyavskiy, Alexander"]
[Result "0-1"]
[WhiteElo "1948"]
[BlackElo "2259"]
[PlyCount "142"]
[EventDate "2007.09.14"]
[EventType "swiss"]
[EventRounds "9"]
[EventCountry "CRO"]
[Source "lmi"]
[SourceDate "2007.09.14"]

1. e4 g6 2. d4 Bg7 3. Nc3 d6 4. Be3 Nf6 5. f3 c6 6. Qd2 h5 7. O-O-O b5 8. e5 b4
9. Ne4 Nxe4 10. fxe4 dxe5 11. d5 a5 12. Bc4 Ba6 13. Qe2 Qc8 14. d6 exd6 15.
Rxd6 Qc7 16. Rd2 a4 17. Nf3 Qa5 18. Ng5 O-O 19. Rf1 Bxc4 20. Qxc4 Qa6 21. Qxa6
Nxa6 22. Rd7 Bh6 23. Bd2 Rad8 24. Rxd8 Rxd8 25. Nf3 Bg7 26. c3 b3 27. axb3 axb3
28. Be3 Rd3 29. Re1 c5 30. Bd2 c4 31. Re3 Rd6 32. h3 Nc5 33. g4 hxg4 34. hxg4
f6 35. Re2 Ra6 36. Kb1 Ra2 37. Bc1 Nd3 38. Be3 Bf8 39. Ne1 Nc5 40. Bxc5 Bxc5
41. Nf3 Kf7 42. Rh2 Kg7 43. Rd2 Be3 44. Rd7+ Kh6 45. Rd6 Ra7 46. Rd1 Kg7 47.
Rd6 Bf4 48. Nh4 Kf7 49. Rd1 Ra8 50. Rd7+ Ke6 51. Rd1 Rg8 52. Ka1 Bg3 53. Ng2
Rh8 54. Ne3 Rh4 55. Nxc4 Rxg4 56. Nd2 Bf2 57. Rf1 Be3 58. Nxb3 Rxe4 59. Re1 f5
60. Kb1 g5 61. Kc2 g4 62. Nd2 Bxd2 63. Rxe4 Bxc3 64. Re2 Bd4 65. Kd3 Kd5 66.
Rg2 e4+ 67. Kc2 Ke5 68. Kd1 Kf4 69. b4 Kf3 70. Ra2 g3 71. Ra3+ e3 0-1

[Event "17. Europa ch Juvenil - Masculino s12"]
[Site "Sibenik CRO"]
[Date "2007.09.15"]
[Round "2.3"]
[White "Bukavshin, Ivan"]
[Black "Musialkiewicz, Jan"]
[Result "1-0"]
[WhiteElo "2250"]
[BlackElo "1926"]
[PlyCount "99"]
[EventDate "2007.09.14"]
[EventType "swiss"]
[EventRounds "9"]
[EventCountry "CRO"]
[Source "lmi"]
[SourceDate "2007.09.14"]

1. e4 e5 2. Nf3 Nc6 3. Bb5 a6 4. Ba4 Nf6 5. Qe2 d6 6. c3 b5 7. Bc2 Bg4 8. h3
Be6 9. a4 b4 10. d4 exd4 11. cxd4 d5 12. e5 Ne4 13. Nbd2 Nxd2 14. Bxd2 Na5 15.
Ng5 Qd7 16. Nxe6 Qxe6 17. f4 Nc4 18. Bc1 Qb6 19. Qd3 Qg6 20. Qxg6 hxg6 21. Bb3
a5 22. Ke2 Nb6 23. Be3 Kd7 24. Raf1 f5 25. exf6 gxf6 26. Bc2 Nc4 27. Bxg6 Nxb2
28. Bc2 Nc4 29. Bc1 c5 30. dxc5 Bxc5 31. Kf3 Rhe8 32. Re1 Rab8 33. Bb3 Kc6 34.
g4 Bd4 35. h4 Kc5 36. h5 Bc3 37. Rxe8 Rxe8 38. h6 Rh8 39. h7 f5 40. g5 Bg7 41.
g6 d4 42. Rh5 Rf8 43. Ke2 Nd6 44. Kd3 Ne4 45. Bf7 Nd6 46. Bb2 Bh8 47. Bg8 Ne8
48. Rh1 Nd6 49. Rc1+ Kb6 50. Bxd4+ 1-0

[Event "17. Europa ch Juvenil - Masculino s12"]
[Site "Sibenik CRO"]
[Date "2007.09.15"]
[Round "2.4"]
[White "Tejedor Fuentes, Enrique"]
[Black "Fedoseev, Vladimir"]
[Result "0-1"]
[WhiteElo "1918"]
[BlackElo "2237"]
[PlyCount "184"]
[EventDate "2007.09.14"]
[EventType "swiss"]
[EventRounds "9"]
[EventCountry "CRO"]
[Source "lmi"]
[SourceDate "2007.09.14"]

1. e4 c5 2. Nf3 d6 3. d4 Nf6 4. Nc3 cxd4 5. Nxd4 a6 6. Be2 e5 7. Nb3 Be7 8. Be3
Be6 9. O-O O-O 10. f3 b5 11. a3 Nbd7 12. Qd2 Qc7 13. Rfd1 Nb6 14. Rac1 Rfd8 15.
Bd3 d5 16. exd5 Nbxd5 17. Nxd5 Nxd5 18. Kh1 Nxe3 19. Qxe3 Rac8 20. Nd2 h6 21.
Qe2 Bg5 22. Ra1 Rb8 23. Ne4 Be7 24. Ng3 g6 25. Re1 Bf6 26. Ne4 Bg7 27. b3 f5
28. Ng3 e4 29. fxe4 f4 30. Nf1 Bxa1 31. Rxa1 Qe5 32. Rd1 h5 33. Qf2 Rb7 34. Nd2
Rbd7 35. Nf3 Qg7 36. b4 Bc4 37. h4 Bxd3 38. cxd3 Rxd3 39. Rxd3 Rxd3 40. Qa2+
Kf8 41. Ng5 Qe7 42. Qb2 Ke8 43. Qh8+ Kd7 44. Qb8 Qd6 45. Qa7+ Qc7 46. Qg1 Rd6
47. e5 Rd5 48. e6+ Ke7 49. Qf1 Qc4 50. Qf3 Kf6 51. Kh2 Qd4 52. Qe2 Re5 53. Qc2
f3 54. Nxf3 Qf4+ 55. Kg1 Rxe6 56. Qc3+ Ke7 57. Qc5+ Qd6 58. Qg5+ Kd7 59. Qh6
Qe7 60. Qh8 Qe8 61. Qd4+ Kc8 62. Qa7 Qc6 63. Qf7 Qc1+ 64. Kf2 Qe3+ 65. Kg3 Qb6
66. Qg8+ Kb7 67. Kh3 Qd6 68. Qg7+ Re7 69. Qh6 Rc7 70. Qe3 Qd7+ 71. Kh2 Qg4 72.
Qd2 Rd7 73. Qe3 Qc4 74. Qh6 Qc7+ 75. Kg1 Qg3 76. Qc1 Rd3 77. Kh1 Qd6 78. Ng1 a5
79. Qg5 Rd5 80. Qe3 axb4 81. axb4 Qxb4 82. Nf3 Rd1+ 83. Kh2 Qd6+ 84. g3 b4 85.
Qe4+ Kb6 86. Qe3+ Kb5 87. Qe2+ Kb6 88. Qe3+ Qc5 89. Qe6+ Rd6 90. Qe2 b3 91. Kh1
Qc1+ 92. Kh2 Qc2 0-1

[Event "17. Europa ch Juvenil - Masculino s12"]
[Site "Sibenik CRO"]
[Date "2007.09.15"]
[Round "2.5"]
[White "Eltigani, Omar"]
[Black "Yudin, Ivan"]
[Result "1/2-1/2"]
[WhiteElo "1912"]
[BlackElo "2166"]
[PlyCount "127"]
[EventDate "2007.09.14"]
[EventType "swiss"]
[EventRounds "9"]
[EventCountry "CRO"]
[Source "lmi"]
[SourceDate "2007.09.14"]

1. d4 d5 2. c4 e6 3. Nc3 Be7 4. cxd5 exd5 5. Bf4 c6 6. e3 Nf6 7. Bd3 Bg4 8.
Nge2 Bh5 9. Qb3 Qb6 10. Ng3 Bg6 11. Nf5 Bxf5 12. Bxf5 Qxb3 13. axb3 Na6 14. f3
g6 15. Bd3 Nb4 16. Bb1 O-O 17. O-O Rfd8 18. Bg5 Kg7 19. g4 Re8 20. h3 h6 21.
Bf4 a6 22. Be5 Kg8 23. Bf4 Bf8 24. e4 c5 25. Be3 Rad8 26. e5 Nd7 27. f4 cxd4
28. Bxd4 Nc6 29. Ne2 Nc5 30. Bc2 Nb4 31. Bd1 Ne6 32. Bb6 Rc8 33. Nd4 Nc5 34.
Kh2 Ncd3 35. Rb1 f6 36. g5 hxg5 37. fxg5 f5 38. Nf3 Nxe5 39. Bd4 Bd6 40. Kh1
Nec6 41. Bc3 Re3 42. Bd2 Re4 43. Ne1 d4 44. Ng2 Rce8 45. Bf3 R4e7 46. Rbd1 Nd3
47. Bxc6 bxc6 48. Ba5 Nc5 49. Rxd4 Ne4 50. Be1 Be5 51. Rc4 c5 52. b4 cxb4 53.
Rxb4 Rh7 54. h4 Nxg5 55. Bc3 Bxc3 56. bxc3 Ne4 57. Kg1 Nxc3 58. Rb6 Rg7 59.
Rxa6 Kh7 60. Ra5 Re4 61. Rf3 Ne2+ 62. Kf2 Nd4 63. Re3 Rg4 64. Rg3 1/2-1/2

[Event "17. Europa ch Juvenil - Masculino s12"]
[Site "Sibenik CRO"]
[Date "2007.09.15"]
[Round "2.6"]
[White "Bajarani, Ulvi"]
[Black "Dicu, Razvan-Stefan"]
[Result "1-0"]
[WhiteElo "2164"]
[BlackElo "1914"]
[PlyCount "103"]
[EventDate "2007.09.14"]
[EventType "swiss"]
[EventRounds "9"]
[EventCountry "CRO"]
[Source "lmi"]
[SourceDate "2007.09.14"]

1. e4 e5 2. Nf3 Nc6 3. Bb5 a6 4. Bxc6 dxc6 5. Nc3 Bd6 6. d4 exd4 7. Qxd4 f6 8.
O-O Ne7 9. Be3 O-O 10. Rad1 Be6 11. Rfe1 Ng6 12. Ne2 Qe7 13. a3 Rad8 14. Qc3
Ne5 15. Nxe5 Bxe5 16. Bd4 Qd6 17. h3 Rfe8 18. Bxe5 Qxe5 19. Qxe5 fxe5 20. Nc1
Kf7 21. Nd3 Kf6 22. f3 Bc4 23. Nc1 b6 24. Kf2 Rd6 25. b3 Bf7 26. Nd3 Ke6 27.
Ke3 Red8 28. Nb2 Rxd1 29. Rxd1 Rxd1 30. Nxd1 Kd6 31. Nb2 b5 32. b4 c5 33. Nd3
cxb4 34. axb4 Be6 35. h4 g6 36. g3 h6 37. f4 exf4+ 38. gxf4 Bc8 39. Kd4 Bb7 40.
Ne5 a5 41. bxa5 g5 42. hxg5 hxg5 43. Nf7+ Ke7 44. Nxg5 Kd6 45. Nf7+ Ke7 46. Ne5
Kd6 47. Nd3 Bc6 48. Nc5 Ba8 49. f5 Ke7 50. e5 Bc6 51. f6+ Kf7 52. Na6 1-0

[Event "17. Europa ch Juvenil - Masculino s12"]
[Site "Sibenik CRO"]
[Date "2007.09.15"]
[Round "2.7"]
[White "Petrusic, Toni"]
[Black "Grigoryan, Karen H"]
[Result "0-1"]
[WhiteElo "1906"]
[BlackElo "2150"]
[PlyCount "52"]
[EventDate "2007.09.14"]
[EventType "swiss"]
[EventRounds "9"]
[EventCountry "CRO"]
[Source "lmi"]
[SourceDate "2007.09.14"]

1. e4 e6 2. d4 d5 3. Nd2 c5 4. exd5 Qxd5 5. Ngf3 cxd4 6. Bc4 Qd6 7. O-O Nc6 8.
Nb3 Nf6 9. Nbxd4 Nxd4 10. Nxd4 Bd7 11. Nb5 Qb6 12. a4 a6 13. Nd4 Bc5 14. Nb3
Bd6 15. Qe2 Rc8 16. h3 Bb8 17. Bd3 Qc7 18. g3 e5 19. Kh2 h5 20. Bg5 h4 21. g4
e4+ 22. f4 O-O 23. Bxe4 Nxe4 24. Qxe4 Qxc2+ 25. Qxc2 Rxc2+ 26. Kg1 Ba7+ 0-1

[Event "17. Europa ch Juvenil - Masculino s12"]
[Site "Sibenik CRO"]
[Date "2007.09.15"]
[Round "2.8"]
[White "Savitskiy, Sergey"]
[Black "Blazeka, Matej"]
[Result "1-0"]
[WhiteElo "2127"]
[BlackElo "1910"]
[PlyCount "41"]
[EventDate "2007.09.14"]
[EventType "swiss"]
[EventRounds "9"]
[EventCountry "CRO"]
[Source "lmi"]
[SourceDate "2007.09.14"]

1. e4 e5 2. Nf3 Nc6 3. d4 exd4 4. Nxd4 Bc5 5. Be3 Qf6 6. c3 Nge7 7. g3 d5 8.
Bg2 dxe4 9. Nd2 Bxd4 10. cxd4 Bf5 11. Nxe4 Bxe4 12. Bxe4 O-O-O 13. O-O Nxd4 14.
Qa4 Kb8 15. Rfd1 c5 16. Kg2 Nec6 17. Rac1 b6 18. Bf4+ Kb7 19. b4 b5 20. Qa5 Rc8
21. Rxd4 1-0

[Event "17. Europa ch Juvenil - Masculino s12"]
[Site "Sibenik CRO"]
[Date "2007.09.15"]
[Round "2.9"]
[White "Sanchez Ibern, Marc"]
[Black "Lukovic, Vladimir"]
[Result "1/2-1/2"]
[WhiteElo "2087"]
[BlackElo "1898"]
[PlyCount "98"]
[EventDate "2007.09.14"]
[EventType "swiss"]
[EventRounds "9"]
[EventCountry "CRO"]
[Source "lmi"]
[SourceDate "2007.09.14"]

1. e4 e5 2. Nc3 Nc6 3. g3 Bc5 4. Bg2 d6 5. Na4 Be6 6. Nxc5 dxc5 7. Ne2 Qd7 8.
d3 O-O-O 9. Be3 b6 10. f4 f6 11. f5 Bf7 12. Qd2 c4 13. dxc4 Qxd2+ 14. Bxd2 Bxc4
15. b3 Bxe2 16. Kxe2 Nge7 17. c3 Rd7 18. Be3 Rhd8 19. Rad1 Rxd1 20. Rxd1 Rxd1
21. Kxd1 Kd7 22. Kc2 Nc8 23. Kd3 Nd6 24. g4 h6 25. h4 Nf7 26. Ke2 Ke7 27. Kf3
Ncd8 28. Bf1 Nb7 29. Bd3 Nbd6 30. b4 c6 31. a4 Kd7 32. a5 Kc7 33. axb6+ axb6
34. g5 hxg5 35. hxg5 Nxg5+ 36. Bxg5 fxg5 37. Kg4 Kd7 38. Kxg5 Ke7 39. Kg6 Ne8
40. Ba6 Kf8 41. Bb7 c5 42. bxc5 bxc5 43. f6 Nxf6 44. Kf5 Ke7 45. Kxe5 g5 46.
Kf5 g4 47. e5 Nd7 48. Kf4 g3 49. Bd5 Nb6 1/2-1/2

[Event "17. Europa ch Juvenil - Masculino s12"]
[Site "Sibenik CRO"]
[Date "2007.09.15"]
[Round "2.10"]
[White "Karabayir, Mustafa Yilmaz"]
[Black "Nikologorskiy, Konstantin"]
[Result "0-1"]
[WhiteElo "1808"]
[BlackElo "2084"]
[PlyCount "70"]
[EventDate "2007.09.14"]
[EventType "swiss"]
[EventRounds "9"]
[EventCountry "CRO"]
[Source "lmi"]
[SourceDate "2007.09.14"]

1. e4 c5 2. Nf3 d6 3. d4 cxd4 4. Qxd4 Nc6 5. Bb5 Bd7 6. Bxc6 Bxc6 7. Nc3 Nf6 8.
Bg5 e6 9. O-O-O Be7 10. Rhe1 Qa5 11. Kb1 O-O 12. Qd2 Qb6 13. Nd4 Rfd8 14. f3 a6
15. g4 Qc7 16. h4 b5 17. Nce2 a5 18. Nxc6 Qxc6 19. Nd4 Qb7 20. Be3 b4 21. h5
Nd7 22. g5 g6 23. hxg6 hxg6 24. Rh1 Bf8 25. Qh2 Bg7 26. Qh7+ Kf8 27. Nxe6+ fxe6
28. Rxd6 Qc7 29. Rxe6 Rac8 30. c3 bxc3 31. Bd4 Ne5 32. Bxe5 c2+ 33. Kc1 Rd1+
34. Rxd1 cxd1=Q+ 35. Kxd1 Qc1+ 0-1

[Event "17. Europa ch Juvenil - Masculino s12"]
[Site "Sibenik CRO"]
[Date "2007.09.15"]
[Round "2.12"]
[White "Klabis, Rokas"]
[Black "Omelyanchuk, Viktor"]
[Result "0-1"]
[WhiteElo "1756"]
[BlackElo "2048"]
[PlyCount "86"]
[EventDate "2007.09.14"]
[EventType "swiss"]
[EventRounds "9"]
[EventCountry "CRO"]
[Source "lmi"]
[SourceDate "2007.09.14"]

1. e4 c5 2. Nf3 Nc6 3. d4 cxd4 4. Nxd4 Nf6 5. Nc3 e6 6. Be3 Bb4 7. Bd3 d5 8.
exd5 Nxd5 9. O-O Nxc3 10. bxc3 Bxc3 11. Nxc6 bxc6 12. Rb1 O-O 13. Qh5 f5 14.
Bc4 Be5 15. Bc5 Rf6 16. Rbd1 Bd7 17. f4 Bc7 18. Kh1 Bb6 19. Bxb6 axb6 20. Rd6
Qe7 21. Qd1 Ra7 22. a4 Kf8 23. Rf2 b5 24. axb5 cxb5 25. Bf1 Be8 26. h3 Rd7 27.
Rfd2 Rxd6 28. Rxd6 Qc7 29. Rd8 Ke7 30. Rd4 Rf8 31. Qb1 Qc5 32. Rb4 Bc6 33. Qb2
Kf7 34. Bxb5 Rb8 35. c4 Be4 36. Rb3 Rd8 37. Qe2 Qa7 38. Kh2 Qc7 39. Qe3 e5 40.
fxe5 Qxe5+ 41. g3 Qa1 42. g4 Qe5+ 43. Kg1 Rd1+ 0-1

[Event "17. Europa ch Juvenil - Masculino s12"]
[Site "Sibenik CRO"]
[Date "2007.09.15"]
[Round "2.14"]
[White "Hiti, Domen"]
[Black "Shurunov, Arseniy"]
[Result "0-1"]
[WhiteElo "1739"]
[BlackElo "2037"]
[PlyCount "88"]
[EventDate "2007.09.14"]
[EventType "swiss"]
[EventRounds "9"]
[EventCountry "CRO"]
[Source "lmi"]
[SourceDate "2007.09.14"]

1. d4 Nf6 2. c4 g6 3. Nc3 Bg7 4. e4 O-O 5. f3 d6 6. Be3 e5 7. d5 c6 8. Bd3 cxd5
9. cxd5 Nbd7 10. Qd2 a6 11. Nge2 b5 12. a3 Nb6 13. O-O Bd7 14. Rac1 Rc8 15. Na2
Na4 16. Nb4 Nc5 17. Rc2 Qe7 18. Rc3 Nh5 19. Rfc1 a5 20. Bxc5 dxc5 21. Na2 b4
22. Rc4 Bb5 23. R4c2 Ba4 24. Ba6 Bxc2 25. Bxc8 Bb3 26. d6 Qd8 27. d7 Bxa2 28.
Qd6 Bh6 29. Rd1 Be3+ 30. Kh1 Bc4 31. Nc1 Qh4 32. Qxf8+ Kxf8 33. d8=Q+ Qxd8 34.
Rxd8+ Ke7 35. Rd7+ Kf6 36. Nd3 Bb5 37. Rd6+ Ke7 38. Rd5 Bd4 39. axb4 axb4 40.
Nxc5 Nf4 41. Nb7 Nxd5 42. exd5 Bd7 43. Bxd7 Kxd7 44. b3 Bb6 0-1

[Event "17. Europa ch Juvenil - Masculino s12"]
[Site "Sibenik CRO"]
[Date "2007.09.15"]
[Round "2.20"]
[White "Dubov, Daniil"]
[Black "Barbot, Pierre"]
[Result "1-0"]
[WhiteElo "2177"]
[BlackElo "1795"]
[PlyCount "69"]
[EventDate "2007.09.14"]
[EventType "swiss"]
[EventRounds "9"]
[EventCountry "CRO"]
[Source "lmi"]
[SourceDate "2007.09.14"]

1. d4 Nf6 2. c4 g6 3. Nf3 Bg7 4. g3 d5 5. cxd5 Nxd5 6. Bg2 Nb6 7. Nc3 Nc6 8. e3
O-O 9. O-O e5 10. d5 Na5 11. e4 c6 12. Be3 Nac4 13. Bc5 Re8 14. b3 Nd7 15. Qe2
cxd5 16. Nxd5 Nxc5 17. Qxc4 b6 18. b4 Ba6 19. b5 Bb7 20. Rfd1 Rc8 21. Bh3 Ne6
22. Qa4 Rc5 23. Nb4 Qa8 24. Rd7 Rc4 25. Qb3 Rec8 26. Bxe6 fxe6 27. Ng5 Bxe4 28.
Nxe6 Bf5 29. Rxg7+ Kh8 30. Qe3 Bxe6 31. Re7 Rc1+ 32. Rxc1 Rxc1+ 33. Qxc1 Bh3
34. Nc6 Qf8 35. Qe3 1-0

[Event "17. Europa ch Juvenil - Masculino s12"]
[Site "Sibenik CRO"]
[Date "2007.09.16"]
[Round "3.1"]
[White "Nikologorskiy, Konstantin"]
[Black "Nyzhnyk, Illya"]
[Result "0-1"]
[WhiteElo "2084"]
[BlackElo "2341"]
[PlyCount "86"]
[EventDate "2007.09.14"]
[EventType "swiss"]
[EventRounds "9"]
[EventCountry "CRO"]
[Source "lmi"]
[SourceDate "2007.09.14"]

1. c4 e5 2. Nc3 Nf6 3. g3 Bb4 4. Bg2 O-O 5. d3 Re8 6. e4 Bxc3+ 7. bxc3 c6 8.
Qb3 Na6 9. Ba3 d5 10. cxd5 cxd5 11. Ne2 dxe4 12. dxe4 Qc7 13. O-O Be6 14. Qb2
Bc4 15. Bb4 Nc5 16. Bxc5 Qxc5 17. Rfe1 Rac8 18. Nc1 Ba6 19. Re3 Ng4 20. Rf3
Red8 21. Nb3 Qd6 22. h3 Nf6 23. Re3 Nd7 24. Bf1 Bxf1 25. Rxf1 Nb6 26. Na5 Qd7
27. Qb4 Qxh3 28. Nxb7 Nc4 29. Re2 Nd2 30. Rxd2 Rxd2 31. c4 Qd7 32. c5 Rd4 33.
Qb3 Rb8 34. Rb1 Rd3 35. Qc2 Rd2 36. Nd6 Rxb1+ 37. Qxb1 h6 38. Qb3 Qe6 39. Nc4
Rd4 40. Qb8+ Kh7 41. Nxe5 f6 42. Nf3 Rd1+ 43. Kg2 Qxe4 0-1

[Event "17. Europa ch Juvenil - Masculino s12"]
[Site "Sibenik CRO"]
[Date "2007.09.16"]
[Round "3.2"]
[White "Chernyavskiy, Alexander"]
[Black "Srbis, Jurica"]
[Result "1-0"]
[WhiteElo "2259"]
[BlackElo "2055"]
[PlyCount "47"]
[EventDate "2007.09.14"]
[EventType "swiss"]
[EventRounds "9"]
[EventCountry "CRO"]
[Source "lmi"]
[SourceDate "2007.09.14"]

1. Nf3 g6 2. d4 Bg7 3. Bf4 Nf6 4. e3 O-O 5. h3 d6 6. Bc4 h6 7. Nbd2 Nfd7 8. c3
e5 9. Bg3 Kh7 10. Qe2 c6 11. Bb3 f5 12. h4 Bh8 13. h5 g5 14. O-O-O Qe7 15. Nc4
b5 16. Nxd6 Qxd6 17. dxe5 Qc5 18. Be6 Nb6 19. Nd4 Bxe5 20. Bxc8 Nxc8 21. Ne6
Qe7 22. Nxf8+ Qxf8 23. Bxe5 Nb6 24. g4 1-0

[Event "17. Europa ch Juvenil - Masculino s12"]
[Site "Sibenik CRO"]
[Date "2007.09.16"]
[Round "3.3"]
[White "Omelyanchuk, Viktor"]
[Black "Bukavshin, Ivan"]
[Result "1/2-1/2"]
[WhiteElo "2048"]
[BlackElo "2250"]
[PlyCount "106"]
[EventDate "2007.09.14"]
[EventType "swiss"]
[EventRounds "9"]
[EventCountry "CRO"]
[Source "lmi"]
[SourceDate "2007.09.14"]

1. e4 c5 2. Nf3 d6 3. d4 cxd4 4. Nxd4 Nf6 5. Nc3 Nc6 6. Bc4 e6 7. Be3 Be7 8.
Qe2 O-O 9. O-O-O a6 10. Rhg1 Nd7 11. g4 Nxd4 12. Bxd4 b5 13. Bb3 Bb7 14. g5 b4
15. Nb1 Bxg5+ 16. Nd2 g6 17. Qg4 Bf6 18. Nc4 Bxd4 19. Rxd4 Nf6 20. Qd1 Nxe4 21.
Nxd6 Nxd6 22. Rxd6 Qf6 23. Qd4 Qxd4 24. Rxd4 a5 25. Rgd1 Kg7 26. Bxe6 Bf3 27.
Bd5 Bxd1 28. Bxa8 Bxc2 29. Kxc2 Rxa8 30. Kb3 Kf6 31. Rd5 Re8 32. Rxa5 Re2 33.
Rb5 Rxf2 34. h4 h6 35. Rxb4 g5 36. a4 Rf5 37. Rb6+ Kg7 38. hxg5 hxg5 39. Kc3 g4
40. Rb4 Rf3+ 41. Kd2 f5 42. Ke2 Rh3 43. a5 Rh8 44. a6 Ra8 45. Rb6 f4 46. Kf2
Kf7 47. b4 Rc8 48. Rb5 Rc2+ 49. Kf1 f3 50. a7 g3 51. Rf5+ Ke6 52. Rxf3 g2+ 53.
Kg1 Ra2 1/2-1/2

[Event "17. Europa ch Juvenil - Masculino s12"]
[Site "Sibenik CRO"]
[Date "2007.09.16"]
[Round "3.4"]
[White "Fedoseev, Vladimir"]
[Black "Shurunov, Arseniy"]
[Result "1-0"]
[WhiteElo "2237"]
[BlackElo "2037"]
[PlyCount "121"]
[EventDate "2007.09.14"]
[EventType "swiss"]
[EventRounds "9"]
[EventCountry "CRO"]
[Source "lmi"]
[SourceDate "2007.09.14"]

1. e4 d6 2. d4 Nf6 3. Nc3 g6 4. Be3 Bg7 5. Qd2 O-O 6. Bh6 c6 7. f3 b5 8. h4 e5
9. Bxg7 Kxg7 10. h5 Nxh5 11. g4 Nf4 12. Nce2 Qf6 13. Nxf4 Qxf4 14. Qxf4 exf4
15. Nh3 Re8 16. Kf2 Nd7 17. Nxf4 Nf8 18. a4 b4 19. Bc4 Ne6 20. Nxe6+ Bxe6 21.
Bxe6 fxe6 22. g5 Rf8 23. Ke3 a5 24. Rh4 Ra7 25. Rah1 Kg8 26. Rf4 Rxf4 27. Kxf4
Rf7+ 28. Ke3 Kf8 29. Rh4 Kg7 30. Rh1 Kf8 31. Rd1 Ke7 32. Rd3 h6 33. gxh6 Rh7
34. c3 bxc3 35. Rxc3 Kd7 36. Rb3 Kc7 37. Kf4 Rxh6 38. Kg5 Rh2 39. Kxg6 Rd2 40.
f4 Rxd4 41. f5 Rxe4 42. f6 Rf4 43. f7 e5 44. Kg7 d5 45. f8=Q Rxf8 46. Kxf8 Kd6
47. Rb6 Kc5 48. Rb7 e4 49. b4+ axb4 50. a5 e3 51. a6 e2 52. Re7 Kb6 53. a7 e1=Q
54. a8=N+ Kc5 55. Rxe1 b3 56. Nc7 Kc4 57. Rc1+ Kd3 58. Rxc6 b2 59. Rb6 Kc2 60.
Nb5 Kc1 61. Na3 1-0

[Event "17. Europa ch Juvenil - Masculino s12"]
[Site "Sibenik CRO"]
[Date "2007.09.16"]
[Round "3.5"]
[White "Cruz Lledo, Pablo"]
[Black "Bajarani, Ulvi"]
[Result "0-1"]
[WhiteElo "1967"]
[BlackElo "2164"]
[PlyCount "44"]
[EventDate "2007.09.14"]
[EventType "swiss"]
[EventRounds "9"]
[EventCountry "CRO"]
[Source "lmi"]
[SourceDate "2007.09.14"]

1. d4 d5 2. c4 c6 3. Nf3 Nf6 4. e3 g6 5. b3 Bg7 6. Bd3 O-O 7. Qc2 c5 8. dxc5
Ne4 9. Bb2 Bxb2 10. Qxb2 Nxc5 11. Be2 dxc4 12. Bxc4 Be6 13. Be2 Nc6 14. O-O f6
15. Rd1 Qe8 16. Nc3 Qf7 17. Nb5 Rfc8 18. Nfd4 Nxd4 19. Nxd4 Bd5 20. Nf5 gxf5
21. Rxd5 e6 22. Rxf5 exf5 0-1

[Event "17. Europa ch Juvenil - Masculino s12"]
[Site "Sibenik CRO"]
[Date "2007.09.16"]
[Round "3.6"]
[White "Grigoryan, Karen H"]
[Black "Nasuta, Grzegorz"]
[Result "1-0"]
[WhiteElo "2150"]
[BlackElo "1958"]
[PlyCount "87"]
[EventDate "2007.09.14"]
[EventType "swiss"]
[EventRounds "9"]
[EventCountry "CRO"]
[Source "lmi"]
[SourceDate "2007.09.14"]

1. e4 c5 2. Nf3 d6 3. d4 cxd4 4. Nxd4 Nf6 5. Nc3 a6 6. Bc4 e6 7. Bb3 b5 8. Qf3
Bb7 9. a3 Nc6 10. Be3 Ne5 11. Qe2 Nxe4 12. Nxe4 Bxe4 13. f4 Nc6 14. Bd2 Bxg2
15. Nxe6 Qh4+ 16. Qf2 Qxf2+ 17. Kxf2 fxe6 18. Kxg2 Kd7 19. Bc3 d5 20. f5 Bd6
21. fxe6+ Kxe6 22. Rad1 Ne7 23. Rhe1+ Kd7 24. Bxd5 Nxd5 25. Rxd5 Kc6 26. Red1
Bc7 27. Rg5 Rhg8 28. b4 Bb6 29. Rgd5 Rac8 30. Be5 Kb7 31. Rd7+ Ka8 32. c3 Rcd8
33. Kf3 Rge8 34. Bxg7 Re3+ 35. Kf4 Rxd7 36. Rxd7 Re2 37. h4 Ra2 38. Ke5 Be3 39.
Kd5 Rxa3 40. Kc6 Bf2 41. Bd4 Bxd4 42. cxd4 Rf3 43. d5 a5 44. Kb6 1-0

[Event "17. Europa ch Juvenil - Masculino s12"]
[Site "Sibenik CRO"]
[Date "2007.09.16"]
[Round "3.7"]
[White "Monev, Alexander"]
[Black "Savitskiy, Sergey"]
[Result "0-1"]
[WhiteElo "1951"]
[BlackElo "2127"]
[PlyCount "80"]
[EventDate "2007.09.14"]
[EventType "swiss"]
[EventRounds "9"]
[EventCountry "CRO"]
[Source "lmi"]
[SourceDate "2007.09.14"]

1. d4 Nf6 2. c4 g6 3. Nc3 Bg7 4. e4 d6 5. f3 O-O 6. Be3 Nbd7 7. Qd2 c5 8. O-O-O
cxd4 9. Bxd4 a6 10. g4 Qc7 11. g5 Nh5 12. Nd5 Qd8 13. Bxg7 Nxg7 14. h4 b5 15.
Nf4 Ne5 16. h5 Ne6 17. Nxe6 fxe6 18. f4 Nxc4 19. Qh2 Qe8 20. Bd3 Ne3 21. Re1
Ng4 22. Qh4 gxh5 23. Ne2 Qg6 24. Qg3 e5 25. Kb1 Bb7 26. f5 Qxg5 27. Rh3 Rf7 28.
Reh1 Rg7 29. Rxh5 Qe3 30. Rxh7 Rxh7 31. Qxg4+ Rg7 32. Qh3 Qxh3 33. Rxh3 Rc8 34.
Ng3 Rh7 35. Nh5 Kf7 36. Rh4 Rch8 37. Be2 Bc6 38. Kc2 Be8 39. Rh1 Kf8 40. f6
Bxh5 0-1

[Event "17. Europa ch Juvenil - Masculino s12"]
[Site "Sibenik CRO"]
[Date "2007.09.16"]
[Round "3.8"]
[White "Sanzhaev, Darsen"]
[Black "Dubov, Daniil"]
[Result "0-1"]
[WhiteElo "2015"]
[BlackElo "2177"]
[PlyCount "36"]
[EventDate "2007.09.14"]
[EventType "swiss"]
[EventRounds "9"]
[EventCountry "CRO"]
[Source "lmi"]
[SourceDate "2007.09.14"]

1. d4 d5 2. c4 e6 3. Nc3 c5 4. dxc5 d4 5. Nb5 Bxc5 6. Bf4 e5 7. Bd2 Nc6 8. e4
f5 9. Bd3 a6 10. Na3 Nf6 11. Qe2 O-O 12. Nf3 fxe4 13. Bxe4 d3 14. Bxd3 e4 15.
Bxe4 Nxe4 16. O-O Nxd2 17. Nxd2 Bf5 18. Nf3 Re8 0-1

[Event "17. Europa ch Juvenil - Masculino s12"]
[Site "Sibenik CRO"]
[Date "2007.09.16"]
[Round "3.9"]
[White "Yudin, Ivan"]
[Black "Giroyan, Gary"]
[Result "1-0"]
[WhiteElo "2166"]
[BlackElo "1950"]
[PlyCount "65"]
[EventDate "2007.09.14"]
[EventType "swiss"]
[EventRounds "9"]
[EventCountry "CRO"]
[Source "lmi"]
[SourceDate "2007.09.14"]

1. d4 Nf6 2. c4 e6 3. Nc3 Bb4 4. f3 c5 5. d5 Bxc3+ 6. bxc3 Qa5 7. Bd2 d6 8. e4
e5 9. Bd3 Nbd7 10. Ne2 a6 11. a4 h5 12. O-O Nf8 13. Bg5 N6h7 14. Bd2 Nf6 15.
Qe1 Bd7 16. f4 Ng6 17. f5 Ne7 18. Qh4 O-O-O 19. Bg5 Neg8 20. Rfb1 Re8 21. Qe1
Ng4 22. h3 f6 23. Bd2 N4h6 24. Qd1 Kb8 25. Ra2 Ne7 26. Rab2 Bc8 27. Rb6 g6 28.
Qb3 Kc7 29. Bxh6 Rxh6 30. Rxb7+ Bxb7 31. Qxb7+ Kd8 32. Rb6 Nc8 33. Rc6 1-0

[Event "17. Europa ch Juvenil - Masculino s12"]
[Site "Sibenik CRO"]
[Date "2007.09.16"]
[Round "3.10"]
[White "Navarro Lopez-Menchero, Daniel"]
[Black "Beradze, Irakli"]
[Result "0-1"]
[WhiteElo "1920"]
[BlackElo "2109"]
[PlyCount "72"]
[EventDate "2007.09.14"]
[EventType "swiss"]
[EventRounds "9"]
[EventCountry "CRO"]
[Source "lmi"]
[SourceDate "2007.09.14"]

1. e4 c6 2. d4 d5 3. e5 Bf5 4. h4 h5 5. c4 e6 6. Nc3 Nd7 7. cxd5 cxd5 8. Nf3 a6
9. Bd3 Bg4 10. Bf4 Ne7 11. Qb3 Bxf3 12. gxf3 Qb6 13. Qxb6 Nxb6 14. Ke2 Nc6 15.
Be3 Bb4 16. Rhg1 g6 17. Rac1 Rc8 18. a3 Be7 19. Rh1 Na5 20. Nb1 Kd7 21. b4 Rxc1
22. Bxc1 Nac4 23. Nd2 Rc8 24. Nxc4 dxc4 25. Be4 Nd5 26. Bxd5 exd5 27. Kd2 b5
28. Kc3 a5 29. bxa5 Ra8 30. Bg5 Bxa3 31. Ra1 Rxa5 32. Kc2 Bb4 33. Rb1 Ra2+ 34.
Kd1 Ra4 35. Kc2 Kc6 36. Rb2 Bf8 0-1